000 00906nam a2200241 a 4500
001 74110
003 BD-RjUL
005 20211209082509.0
008 180227m20161995bg ||||| |||| 000 0 bg d
020 _a9844654076
_cTk. 200.00
035 _a(BD-RjUL)74328
040 _aBD-RjUL
_beng
_cBD-RjUL
041 _aben
082 _223
_a954.92
_bAHI 2016
100 1 _aআহমদ, সালাহউদ্দীন
_9220304
245 1 0 _aইতিহাসের সন্ধানে /
_cসালাহউদ্দীন আহমদ,
250 _a২য় সংস্করণ ২০০৫
260 _aঢাকা :
_bসাহিত্য প্রকাশ ,
_c১৯৯৫ (মুদ্রন) ২০১৬
300 _a১০৩ পৃ. ;
_c২২ সেমি.
650 _aইতিহাস
_zবাংলাদেশ
_9220305
650 _aHistory
_zBangladesh
_9220306
942 _2ddc
_cBK
999 _c74110
_d74110